00441 2200181 4500001002100000005001500021035002000036008004100056245004900097100001400146250000600160260003400166300001100200084001400211082000800225650001400233990001200247INLIS00000000000022620240502023936 a0010-0424000202240502 0 ind 1 aUnited ! The Comic Strip History /cBob Bond aBond, Bob a1 aSolo :bTiga Serangkai,c2009 a56 hlm a800 BOB u a800 4aNon Fiksi a0732428